Welcome to the Holygrace Academy Library

Please use search bar below to get started

INTERVENTION (Record no. 3010)

MARC details
000 -LEADER
fixed length control field 00602nam a22001457a 4500
020 ## - INTERNATIONAL STANDARD BOOK NUMBER
ISBN 978-0-230-74364-9
082 ## - DEWEY DECIMAL CLASSIFICATION NUMBER
Classification number 823
Item number COO/I
100 ## - MAIN ENTRY--AUTHOR NAME
Personal name COOK, ROBIN
245 ## - TITLE STATEMENT
Title INTERVENTION
260 ## - PUBLICATION, DISTRIBUTION, ETC. (IMPRINT)
Place of publication LONDON
Name of publisher MACMILLAN
Year of publication 1988
300 ## - PHYSICAL DESCRIPTION
Number of Pages 387
520 ## - SUMMARY, ETC.
Summary, etc Once a highly regarded ophthalmologist, Jack's career took a dramatic turn after a tragic accident that destroyed his family. But that, too, is very much in the past: Jack has remarried – to long-time colleague and fellow medical examiner Laurie Montgomery –and is the father of a young child.
650 ## - SUBJECT ADDED ENTRY--TOPICAL TERM
Topical Term NOVEL
Geographic subdivision UNITED KINGDOM
942 ## - ADDED ENTRY ELEMENTS (KOHA)
Koha item type Books
Holdings
Withdrawn status Lost status Collection code Home library Current library Shelving location Date acquired Source of acquisition Full call number Accession Number Koha item type
    Fiction Main Library Main Library SHELF-14C- ALPHABETICAL -C--ENGLISH NOVELS & FICTIONS 17/06/2010 purchase 823 COO/I 05363 Books